000 00610nam a2200169Ia 4500
008 090711s9999 xx 000 0 und d
082 _b55706
100 _aपरांजपे अनंत ना.
245 _aमनोरंजक उखाणे आणि म्हणी
260 _c1985
300 _a24
600 _aपरांजपे अनंत ना.
630 _aमनोरंजक उखाणे आणि म्हणी
700 _aपरांजपे अनंत ना.
730 _aमनोरंजक उखाणे आणि म्हणी
942 _cBOOK
999 _c290231
_d290231